[Event "72nd RUS-ch Higher League 2019"]
[Site "Yaroslavl"]
[Date "2019.06.27"]
[Round "1.11"]
[White "Yanchenko, Roman"]
[Black "Chigaev, Maksim"]
[Result "0-1"]
[WhiteElo "2478"]
[BlackElo "2640"]
[Annotator "TA"]
[PlyCount "214"]
[EventDate "2019.06.27"]
[EventType "swiss"]
[EventCountry "RUS"]
[SourceTitle "playchess.com"]
[Source "ChessBase"]
[SourceQuality "1"]

{[%evp 11,214,15,23,15,14,12,16,27,21,23,39,29,45,27,30,33,33,23,10,34,40,36,40,34,59,62,60,46,70,75,86,99,93,59,52,-13,-20,0,0,-13,100,112,167,165,160,154,156,158,205,171,183,172,166,128,144,148,129,137,153,128,202,199,222,205,238,238,238,238,235,217,202,202,202,202,202,202,202,209,234,0,0,0,0,0,0,-25,-30,-821,-397,-1813,-1761,-29943,-6220,-2433,-1008,-1100,-342,-29980,-342,-353,-342,-356,-356,-356,-356,-356,-290,-277,-262,-204,-197,-197,-197,-183,-168,-168,-168,-356,-356,-356,-340,-348,-333,-322,-317,-431,-300,-285,-158,-431,-431,-422,-409,-390,-390,-372,-364,-342,-317,-462,-402,-4137,-4137,-4137,-4116,-4137,-4137,-4125,-4015,-29983,-29979,-29983,-29984,-29984,-29983,-29982,-29983,-29987,-29988,-29989,-29988,-29988,-29989,-29989,-29989,-29991,-29987,-29990,-29983,-29982,-29980,-29977,-4145,-29984,-29985,-29985,-29986,-29986,-29987,-29987,-29986,-29986,-29987,-29989,-29987,-29987,-29987,-29987,-29976,-29983,-29984,-29986,-29980,-29993,-29992,-29993,-29994,-29994,-29991,-29991,-29988,-29988,-29989,-29989,-29990]} 1. d4 Nf6 2. Nf3 g6 3. g3 Bg7 4. Bg2 O-O 5. O-O Nc6 6. c4 d5 7. e3 {D77: Fianchetto Grünfeld: 6 0-0: Replies other than 6...c6} (7. cxd5 Nxd5 8. e4 Nb6 9. d5 Na5 10. Qe1 Nac4 11. Nc3 Bg4 12. b3 Bxf3 13. Bxf3 Ne5 14. Be2 c6 15. f4 Ned7 16. dxc6 bxc6 17. Be3 e6 18. Rc1 Qe7 19. Qf2 {½-½ (38) Svidler,P (2737)-Artemiev,V (2709) St Petersburg 2018}) 7... dxc4 8. Na3 Be6 9. Ng5 $146 {The position is equal.} ({Predecessor:} 9. Qe2 Bd5 10. Nxc4 Ne4 11. Rd1 Qd7 12. Bd2 h6 13. Rac1 Qe6 14. Be1 Rfd8 15. b3 a5 {½-½ (52) Djuric,S (2442)-Aghayev,M (2185) Acqui Terme 2012}) 9... Bg4 10. f3 Bd7 11. Nxc4 h6 12. Ne4 Nxe4 13. fxe4 b5 14. Nd2 e5 15. Nb3 a5 16. d5 Ne7 17. Bd2 b4 18. a3 Bb5 19. Rf2 a4 20. Nc5 b3 21. Bb4 Ra7 22. Bh3 Nc8 $1 23. Ne6 (23. Qf3 $14 Nd6 24. Bf1) 23... fxe6 $11 24. Bxf8 Bxf8 25. Qg4 Kh8 (25... Nd6 $11 {keeps the balance.}) 26. Bf1 $36 {[%mdl 2048] White is in control.} Bxf1 (26... c6 $16 {was called for.}) 27. Raxf1 $18 Bg7 28. Qxg6 {Black must now prevent Rf7.} (28. Qxe6 $6 Nd6 $16) 28... Nd6 29. dxe6 Ra8 30. h4 Qe8 31. Rf8+ $1 Bxf8 {[#]} 32. Rf7 $1 {[%mdl 512] [#]} Qxf7 $1 {[%mdl 64] Remove Defender} (32... Nxf7 33. exf7) 33. exf7 {[%csl Gf7][%cal Rg6g8]} Bg7 34. Qe6 $1 Rf8 35. Qd7 Rxf7 (35... Nxf7 $16 {keeps fighting.} 36. Qxa4 h5) 36. Qxa4 Rf3 37. Qxb3 Rxg3+ ({Worse is} 37... Nxe4 38. Qb7 $11) 38. Kh2 $1 Rg4 39. Qb8+ Kh7 40. Qxc7 Nxe4 41. a4 $1 Rxh4+ 42. Kg2 $1 Rg4+ 43. Kf3 $1 {[%cal Rf3g4][%mdl 1024] White has strong compensation.} h5 {Black wants to play ...Ng5+.} 44. a5 $1 Ng5+ {[#]} 45. Kf2 $2 (45. Ke2 $1 $18) 45... h4 $1 $11 {[%cal Rh4h3] ...h3 is the strong threat.} 46. Qc2+ e4 $1 47. Qc8 Nh3+ 48. Ke1 Rg1+ 49. Kd2 $2 {[%mdl 8192]} (49. Ke2 $11 Ng5 50. Kf2) 49... Ng5 $19 50. Qf5+ $2 (50. Qe8 Rg2+ 51. Kc1 Bxb2+ 52. Kb1) 50... Kh6 51. a6 h3 {( -> ...h2)} 52. Qf4 {[#]} Rg2+ (52... Be5 $142 $1 {[%mdl 512]} 53. Qh4+ (53. Qxe5 Nf3+) 53... Kg6) 53. Kd1 h2 $2 (53... Rxb2 54. a7 Ra2) 54. Qh4+ Kg6 55. a7 Rg1+ ({But not} 55... Rxb2 56. a8=Q $19) 56. Ke2 h1=Q 57. Qxh1 Rxh1 58. a8=Q Rh2+ 59. Kf1 Rxb2 60. Qe8+ Kh6 61. Qc6+ Kh5 62. Qc7 Bh6 63. Qe5 Rb7 64. Ke2 $2 (64. Qh2+ {was the only defense.} Kg6 65. Qd6+ Kh7 66. Kg2) 64... Rf7 65. Qh2+ Kg6 66. Qd6+ Rf6 67. Qd5 Bg7 68. Qb5 Kh6 69. Qb7 Rf3 70. Qc6+ $2 (70. Qe7 $17) 70... Kh5 71. Qa8 Bf6 72. Qb7 Kg4 73. Qb1 Rg3 74. Qb6 {[#]} Bb2 $1 {[%mdl 512]} 75. Qb8 (75. Qc5 {is a better defense.}) (75. Qxb2 Rg2+) 75... Kh3 76. Qc8+ (76. Kd1 $142) 76... Kh2 77. Qc7 {[#]} Bc1 $1 {[%mdl 512]} 78. Kf2 (78. Qxc1 Rg2+) 78... Bxe3+ 79. Kf1 Kh3 80. Qc6 Bf4 81. Qd7+ Kh2 82. Qf5 Rf3+ 83. Ke2 Kg3 84. Qg6 Rf2+ 85. Ke1 Rc2 86. Kd1 Rd2+ 87. Ke1 Kf3 88. Qb6 Kg4 89. Kf1 Rd6 90. Qg1+ Kf5 91. Qc5+ Be5 (91... Kg6 $142 92. Qc8 Rd1+ 93. Ke2 Rd2+ 94. Kf1 e3 95. Qc6+ Kg7 96. Qb7+ Kf6 97. Qc6+ Ne6 98. Qe4 Rf2+ 99. Ke1 Bg3 100. Qxe3 Rf3+ {[%mdl 64] Discovered Attack} 101. Ke2 Rxe3+ 102. Kxe3 Ke5 103. Kf3 Bf4 104. Kf2 Bc1 105. Kg2 Ke4 106. Kg3 Bf4+ 107. Kg2 Be5 108. Kh1 Kf3 109. Kg1 Ng5 110. Kh1 Ne6 111. Kg1 Bg3 112. Kf1 Nd4 113. Kg1 Ne2+ 114. Kh1 Nf4 115. Kg1 Ne6 116. Kf1 Bh2 117. Ke1 Ke3 118. Kf1 Nf4 119. Ke1 Bg3+ 120. Kf1 Kf3 121. Kg1 Ne2+ 122. Kh1 Nd4 123. Kg1 Nb5 124. Kh1 Nd4 125. Kg1) 92. Ke2 Ne6 {Black mates.} 93. Qa5 Nf4+ 94. Kf2 Rd3 95. Qb5 Rd5 96. Qc6 Rd2+ 97. Ke1 Rd8 98. Qc2 Rh8 99. Qa4 Nd3+ 100. Kf1 Kf4 101. Qa7 Kf3 102. Kg1 Rb8 {[%cal Rb8b1]} 103. Qf7+ Nf4 104. Qa2 Ne2+ 105. Kf1 Ng3+ 106. Ke1 Bc3+ 107. Kd1 Rd8+ {Accuracy: White = 48%, Black = 74%.} 0-1

[Event "72nd RUS-ch Higher League 2019"]
[Site "Yaroslavl"]
[Date "2019.06.27"]
[Round "1.12"]
[White "Predke, Alexandr"]
[Black "Airapetian, Gor"]
[Result "1-0"]
[WhiteElo "2632"]
[BlackElo "2442"]
[Annotator "TA"]
[PlyCount "99"]
[EventDate "2019.06.27"]
[EventType "swiss"]
[EventCountry "RUS"]
[SourceTitle "playchess.com"]
[Source "ChessBase"]
[SourceQuality "1"]

{[%evp 12,109,14,2,18,17,16,16,24,24,26,19,17,11,17,0,0,0,54,60,54,50,56,54,54,47,42,61,75,57,93,74,74,71,83,74,127,120,123,130,131,120,123,124,125,118,179,116,145,124,140,133,133,93,73,110,107,49,166,0,58,8,8,7,78,78,78,78,78,78,78,78,112,112,102,14,14,14,14,14,634,573,275,275,918,918,902,896,851,843,29941,29941,12850,29940,6223,5804,5804,4627,4622,4622]} 1. e4 e6 2. d4 d5 3. Nd2 c5 4. exd5 Qxd5 5. dxc5 Bxc5 6. Ngf3 Nf6 7. Bc4 Qc6 {C07: French Tarrasch: 3...c5, 4 Ngf3 and 4 exd5 Qxd5} 8. Qe2 {And now Bb5 would win.} Nbd7 9. O-O O-O {The position is equal.} 10. Nb3 b6 11. Nxc5 Qxc5 12. Be3 Qc7 13. Rad1 Bb7 {Black wants to play ...Ng4.} 14. Rd4 {[#]} Ne5 $146 (14... Rac8 $11) ({Predecessor:} 14... Rac8 15. Bb3 {1-0 (38) Tiviakov,S (2686)-Malakhatko,V (2633) Ajaccio 2008}) 15. Nxe5 $14 Qxe5 16. Rfd1 Rac8 17. c3 Nd5 18. Bc1 Qxe2 19. Bxe2 Rfe8 20. f3 h6 21. Kf2 Bc6 22. c4 Nf6 23. Be3 Re7 (23... e5 $142 24. Rd6 Kh7) 24. b4 $16 {[%cal Bb2b4,Bb4b5][%mdl 32]} Rd7 25. b5 Rxd4 26. Bxd4 Be8 27. a4 Nd7 28. a5 e5 (28... f6 $16) 29. Be3 (29. Bb2 $1 $18) 29... Kf8 30. Bd2 Ke7 31. Bb4+ Nc5 32. f4 exf4 33. Bg4 $1 {[%cal Rg4c8]} Rc7 34. a6 (34. Rd5 $16) 34... f6 {[#]} ({Black should play} 34... f5 $1 $14 35. Bxf5 Kf6) 35. Bf3 $2 (35. Rd5 $1 $18) 35... Bf7 ({Black should try} 35... g5 $11) 36. Rd4 (36. Bc6 $5 {[%cal Rb4c5]}) 36... g5 37. Bc6 {Strongly threatening Bxc5+.} Be6 (37... f5 $1 $11) 38. Re4 {Hoping for Bxc5+.} Rxc6 39. bxc6 {[%mdl 4096] Endgame KRB-KBN} Kd6 40. c7 Bc8 41. h4 Bxa6 42. h5 Kd7 {[#]} 43. Rd4+ (43. Bxc5 $1 $16 bxc5 44. Re1) 43... Kxc7 $11 44. Bxc5 $1 bxc5 {KR-KB} 45. Rd5 {aiming for Rf5.} Kc6 $2 {[%mdl 8192]} (45... Bc8 $11) 46. Rf5 $18 Bxc4 47. Rxf6+ Kb5 $2 (47... Kd7 48. Rxh6 Bd3) 48. Rxh6 a5 49. Rg6 Bd3 50. Rxg5 {Played: Kf2-e1} 1-0

[Event "72nd RUS-ch Higher League 2019"]
[Site "Yaroslavl"]
[Date "2019.06.27"]
[Round "1.13"]
[White "Mirzaev, Aziz"]
[Black "Lysyj, Igor"]
[Result "1/2-1/2"]
[WhiteElo "2433"]
[BlackElo "2623"]
[Annotator "TA"]
[PlyCount "68"]
[EventDate "2019.06.27"]
[EventType "swiss"]
[EventCountry "RUS"]
[SourceTitle "playchess.com"]
[Source "ChessBase"]
[SourceQuality "1"]

{[%evp 13,68,11,20,12,8,10,8,-4,-11,-15,-5,0,10,11,29,39,58,10,14,0,39,52,43,48,54,45,43,40,89,35,66,35,115,33,35,8,38,40,37,36,39,45,31,34,28,16,25,28,25,16,16,0,52,0,23,0,45]} 1. d4 Nf6 2. c4 e6 3. Nf3 b6 4. g3 Bb7 5. Bg2 Bb4+ 6. Bd2 Be7 7. Nc3 c6 8. Ne5 $146 {E16: Queen's Indian: 4 g3 Bb7 5 Bg2 Bb4+} ({Predecessor:} 8. Bf4 d5 9. cxd5 Nxd5 10. O-O O-O 11. Qc2 Nxf4 12. gxf4 Nd7 13. Rfd1 Qc7 14. e3 Rfd8 15. Rac1 Rac8 {1-0 (39) Le,Q (2728)-Shankland,S (2727) Danzhou 2018}) 8... d6 9. Nd3 d5 10. Ne5 Nfd7 11. Nxd7 Qxd7 12. Qa4 dxc4 13. Qxc4 Ba6 14. Qa4 b5 15. Qa5 b4 16. Na4 Bb5 17. Be3 ({And not} 17. Bxb4 Bd8 $17) 17... Na6 {[#] Strongly threatening ...Bd8.} 18. Nc5 $1 {[%cal Rc5d7]} Bxc5 19. dxc5 O-O 20. Rd1 Qe7 21. a3 ({Better is} 21. Rd6 $16) 21... bxa3 $14 22. bxa3 {And now a4 would win.} Rfd8 {[#]} (22... Rad8 $14) 23. Rxd8+ (23. Rb1 $1 $16 {[%cal Rb1b5]} Nc7 24. a4) 23... Qxd8 24. Qxd8+ Rxd8 25. f4 Nc7 26. Kf2 Kf8 27. a4 Bxa4 28. Ra1 Bb5 29. Rxa7 Nd5 30. Bd2 Bc4 31. Ra4 Bb5 32. Ra7 Bc4 33. Ra4 Bb5 34. Ra7 Bc4 {Accuracy: White = 58%, Black = 55%.} 1/2-1/2

[Event "72nd RUS-ch Higher League 2019"]
[Site "Yaroslavl"]
[Date "2019.06.27"]
[Round "1.14"]
[White "Grachev, Boris"]
[Black "Kardashevskiy, Evgeny"]
[Result "1-0"]
[WhiteElo "2621"]
[BlackElo "2429"]
[Annotator "TA"]
[PlyCount "77"]
[EventDate "2019.06.27"]
[EventType "swiss"]
[EventCountry "RUS"]
[SourceTitle "playchess.com"]
[Source "ChessBase"]
[SourceQuality "1"]

{[%evp 13,77,2,18,25,25,33,37,14,35,16,34,44,29,31,39,11,67,64,53,57,92,107,89,89,104,121,140,145,147,152,151,132,137,139,154,152,168,170,281,285,398,399,401,405,382,398,459,459,563,545,572,567,606,596,540,554,2298,2039,29978,29979,29979,29980,29982,29983,29980,29978]} 1. Nf3 Nf6 2. c4 e6 3. b3 d5 4. Bb2 Be7 5. e3 O-O 6. Nc3 c5 7. cxd5 exd5 8. d4 {A13: English Opening: 1...e6} Nc6 (8... b6 9. Be2 Ne4 10. O-O Nxc3 11. Bxc3 Be6 12. dxc5 bxc5 13. Qc2 Nd7 14. Rfd1 Bf6 15. Rac1 Rb8 {½-½ (60) Nepomniachtchi,I (2771)-Idani,P (2604) Astana 2019}) 9. Be2 Ne4 10. dxc5 {White is slightly better.} Bf6 11. Nd4 Qa5 12. Rc1 Nxc5 13. Nxc6 bxc6 {[#]} 14. Qd2 $146 ({Predecessor:} 14. O-O Rb8 15. Qc2 d4 16. exd4 {1-0 (49) Santos Latasa,J (2585)-Pujari,R (2205) Budapest 2019}) 14... Bb7 (14... d4 $11) 15. Na4 $14 Qxd2+ 16. Kxd2 Nxa4 17. Bxf6 ({Much worse is} 17. bxa4 $6 Bxb2 18. Rb1 Ba3 $11) 17... gxf6 18. bxa4 Rfd8 19. Rc5 d4 20. e4 Bc8 21. Rb1 Be6 22. Bc4 Rab8 23. Rb3 Bxc4 24. Rxc4 f5 25. exf5 Rxb3 (25... Rbc8 $142 26. Rb7 a6) 26. axb3 $18 {[%mdl 4096] Endgame KR-KR} Rd5 27. Rxc6 Rxf5 28. f3 Rh5 29. h3 Rg5 30. g4 Re5 31. Ra6 Re3 32. b4 {[%cal Bb3b4,Bb4b5,Bb5b6,Bb6b7][%mdl 32]} Rxf3 33. Rxa7 Rxh3 34. a5 {[%cal Ba4a5,Ba5a6][%mdl 32]} Rg3 35. b5 Rxg4 36. b6 {White mates.} Rg2+ 37. Kd3 Rb2 38. b7 Kg7 39. a6 {Accuracy: White = 77%, Black = 40%.} 1-0

[Event "72nd RUS-ch Higher League 2019"]
[Site "Yaroslavl"]
[Date "2019.06.27"]
[Round "1.15"]
[White "Bigaliev, Renat"]
[Black "Khismatullin, Denis"]
[Result "1-0"]
[WhiteElo "2427"]
[BlackElo "2618"]
[Annotator "RC"]
[PlyCount "101"]
[EventDate "2019.06.27"]
[EventType "swiss"]
[EventCountry "RUS"]
[SourceTitle "playchess.com"]
[Source "ChessBase"]
[SourceQuality "1"]
[TimeControl "40/5400+30:1800+30"]

1. d4 {[%emt 0:00:00]} Nf6 {[%emt 0:02:01]} 2. c4 {[%emt 0:00:00]} e6 {[%emt 0:00:09]} 3. Nf3 {[%emt 0:00:13]} a6 {[%emt 0:00:26]} 4. Nc3 {[%emt 0:07:36]} d5 {[%emt 0:00:23]} 5. Bg5 {[%emt 0:02:08]} dxc4 {[%emt 0:03:45]} 6. a4 {[%emt 0:00:40]} Bb4 {[%emt 0:02:58]} 7. e3 {[%emt 0:07:43]} h6 {[%emt 0:10:53]} 8. Bxf6 {[%emt 0:01:06]} Qxf6 {[%emt 0:00:05]} 9. Bxc4 {[%emt 0:00:21]} c5 {[%emt 0:00:10]} 10. O-O {[%emt 0:02:31]} cxd4 {[%emt 0:00:32]} 11. Ne4 {[%emt 0:09:33]} Qe7 {[%emt 0:04:08]} 12. Nxd4 {[%emt 0:04:33]} O-O {[%emt 0:04:18]} 13. Qb3 {[%emt 0:10:44]} Bd7 {[%emt 0:05:07]} 14. Nc2 {[%emt 0:05:07]} Ba5 {[%emt 0:05:40]} 15. Qxb7 {[%emt 0:08:39]} Nc6 {[%emt 0:02:22]} 16. Qb3 {[%emt 0:01:48]} Ne5 {[%emt 0:03:04]} 17. Be2 {[%emt 0:03:20]} Bc6 {[%emt 0:03:43]} 18. Ng3 {[%emt 0:01:08]} Rfb8 {[%emt 0:06:45]} 19. Qa3 {[%emt 0:00:22]} Qxa3 {[%emt 0:11:47]} 20. Nxa3 {[%emt 0:01:10]} Rb4 {[%emt 0:06:34]} 21. Rfc1 {[%emt 0:05:27]} Rxb2 {[%emt 0:16:52]} 22. Rc5 {[%emt 0:07:29]} Bc7 {[%emt 0:02:47]} 23. f4 {[%emt 0:02:06]} Bd6 {[%emt 0:00:33]} 24. Rcc1 {[%emt 0:02:02]} Bd5 {[%emt 0:01:33]} 25. fxe5 {[%emt 0:07:49]} Bxe5 {[%emt 0:00:02]} 26. Nc4 {[%emt 0:02:24]} Rxe2 {[%emt 0:02:39]} 27. Nxe5 {[%emt 0:00:21]} Rxg2+ {[%emt 0:01:38]} 28. Kf1 {[%emt 0:00:06]} Rxh2 {[%emt 0:01:05]} 29. e4 {[%emt 0:00:16]} Bb3 {[%emt 0:00:53]} 30. Rc3 {[%emt 0:04:15]} Rb8 {[%emt 0:01:30]} 31. Nc6 {[%emt 0:03:02]} Rb6 {[%emt 0:00:06]} 32. a5 {[%emt 0:00:47]} Rb7 {[%emt 0:00:19]} 33. Nd4 {[%emt 0:00:48]} Ba2 {[%emt 0:01:07]} 34. Nde2 {[%emt 0:00:36]} Rb2 {[%emt 0:00:30]} 35. Rc6 {[%emt 0:00:38]} h5 {[%emt 0:00:23]} 36. Kg1 {[%emt 0:00:13]} Rh3 {[%emt 0:00:33]} 37. Rb6 {[%emt 0:00:38]} Rd2 {[%emt 0:00:25]} 38. Kg2 {[%emt 0:00:30]} Rh4 {[%emt 0:00:07]} 39. Rc1 {[%emt 0:00:42]} f5 {[%emt 0:00:32]} 40. exf5 {[%emt 0:00:00]} exf5 {[%emt 0:00:00]} 41. Kf2 {[%emt 0:17:41]} Bd5 {[%emt 0:20:52]} 42. Rd6 {[%emt 0:07:31]} f4 {[%emt 0:01:10]} 43. Nf1 {[%emt 0:00:41]} Rd3 {[%emt 0:00:33]} 44. Rc3 {[%emt 0:00:57]} Rd1 {[%emt 0:01:16]} 45. Rc8+ {[%emt 0:00:48]} Kh7 {[%emt 0:03:42]} 46. Rcd8 {[%emt 0:00:04]} f3 {[%emt 0:06:29]} 47. Nc3 {[%emt 0:00:12]} Rxf1+ {[%emt 0:00:29]} 48. Kxf1 {[%emt 0:00:19]} Rh1+ {[%emt 0:00:29]} 49. Kf2 {[%emt 0:00:01]} Rh2+ {[%emt 0:00:08]} 50. Ke3 {[%emt 0:00:45]} Bb7 {[%emt 0:00:57]} 51. Rb6 {[%emt 0:01:07]} 1-0

[Event "72nd RUS-ch Higher League 2019"]
[Site "Yaroslavl"]
[Date "2019.06.27"]
[Round "1.16"]
[White "Rakhmanov, Aleksandr"]
[Black "Nesterov, Arseniy"]
[Result "1/2-1/2"]
[WhiteElo "2615"]
[BlackElo "2423"]
[Annotator "TA"]
[PlyCount "82"]
[EventDate "2019.06.27"]
[EventType "swiss"]
[EventCountry "RUS"]
[SourceTitle "playchess.com"]
[Source "ChessBase"]
[SourceQuality "1"]

{[%evp 13,82,11,16,0,0,-7,9,-8,0,-12,-14,-18,-9,-34,-24,-33,-28,-16,-32,-30,-10,-13,-7,-16,-13,-18,-5,-7,-16,-12,0,-13,0,0,0,-21,0,-4,26,0,47,-19,-21,-32,0,0,0,0,0,0,0,0,0,0,0,0,0,0,0,0,0,0,0,0,0,0,0,0,0,0,0]} 1. d4 Nf6 2. Nf3 e6 3. e3 b6 4. Bd3 Bb7 5. O-O Be7 6. b3 O-O 7. Bb2 c5 8. dxc5 {A47: 1 d4 Nf6 2 Nf3 b6: Torre, London and Colle Systems} (8. Nbd2 Nc6 9. a3 Rc8 10. Re1 d5 11. Qe2 cxd4 12. exd4 Re8 13. c4 Bf8 14. Rad1 g6 15. Qe3 Bg7 16. Ne5 dxc4 17. bxc4 Nxe5 18. dxe5 {0-1 (48) Mamedyarov,S (2768)-Leko,P (2693) Doha 2016}) 8... bxc5 9. Nbd2 d5 10. Ne5 Nc6 (10... a5 {looks sharper.} 11. a4 Na6 12. Bb5 Qc7 13. Rc1 Nb4) 11. f4 Nxe5 12. Bxe5 g6 $146 ({Predecessor:} 12... Nd7 13. Nf3 Nxe5 14. Nxe5 Bd6 15. Rf3 Bxe5 16. fxe5 Qg5 {0-1 (26) Clews,W (1560)-Foy,J (1245) IECG email 2001}) 13. Qe2 Nd7 14. Bb2 Bf6 15. Bxf6 Nxf6 16. Nf3 Qd6 17. Rad1 a5 18. Qe1 a4 19. Qh4 Kg7 20. Ne5 axb3 21. axb3 Nd7 (21... Ra2 {feels hotter.} 22. g4 d4 23. g5 Nh5 24. e4 Ba6) 22. Qg3 Qc7 23. Nxd7 Qxd7 24. h4 Qe7 25. h5 Ra2 26. Rd2 Rc8 27. Rdf2 ({Better is} 27. f5 $14 exf5 28. Rxf5) 27... f5 $11 28. c4 Rca8 29. cxd5 {The position is equal.} Bxd5 30. Bc4 Bxc4 31. bxc4 Qf6 32. Kh2 Ra1 33. Rxa1 Rxa1 {[%mdl 4096] Endgame KQR-KQR} 34. Rd2 Qe7 {[#]} 35. e4 $1 {[%mdl 512] Strongly threatening Qc3+.} Rc1 (35... fxe4 36. Qc3+) 36. exf5 exf5 37. Rd5 Rxc4 38. hxg6 hxg6 39. Rxf5 Qe4 40. Rg5 Qxf4 41. Rxg6+ Kf7 {Accuracy: White = 62%, Black = 53%.} 1/2-1/2

[Event "72nd RUS-ch Higher League 2019"]
[Site "Yaroslavl"]
[Date "2019.06.27"]
[Round "1.17"]
[White "Murzin, Volodar"]
[Black "Shimanov, Aleksandr"]
[Result "1/2-1/2"]
[WhiteElo "2418"]
[BlackElo "2615"]
[Annotator "TA"]
[PlyCount "80"]
[EventDate "2019.06.27"]
[EventType "swiss"]
[EventCountry "RUS"]
[SourceTitle "playchess.com"]
[Source "ChessBase"]
[SourceQuality "1"]

{[%evp 12,80,22,28,35,31,41,41,31,35,38,21,28,25,29,31,33,38,49,35,39,53,49,24,20,9,5,0,12,14,10,6,8,0,0,0,0,0,0,0,0,0,0,0,0,0,0,0,0,0,6,6,6,6,6,6,6,6,34,0,19,0,0,0,0,0,0,0,0,0,0]} 1. e4 e5 2. Nf3 Nc6 3. Bb5 Nf6 4. O-O Nxe4 5. Re1 Nd6 6. Nxe5 Be7 7. Bf1 Nf5 {C67: Ruy Lopez: Berlin Defence: 4 0-0 Nxe4} 8. Nf3 O-O 9. d4 d5 {White is slightly better.} 10. c3 Bd6 11. b3 Nh4 12. Nxh4 Qxh4 {[%csl Gd6][%cal Rh4h2] [#]} 13. g3 {[#]} Qf6 $146 ({Predecessor:} 13... Qd8 14. Bg2 Ne7 15. c4 {½-½ (31) Deac,B (2603)-Adams,M (2701) Caleta 2019}) 14. Na3 {[%cal Bb1a3,Ba3c2,Bc2e3,Be3g4,Bg4e5][%mdl 32]} a6 15. Nc2 Be6 16. Ne3 Qd8 17. Bg2 {Threatens to win with c4.} Ne7 $1 18. Ng4 c6 19. Ne5 Re8 20. Bf4 Ng6 21. Nxg6 hxg6 22. Qd2 Bxf4 23. Qxf4 g5 24. Qd2 f6 25. Re3 Qd7 26. Rae1 Bf7 27. Bf1 Rxe3 28. Rxe3 Re8 29. Bd3 Rxe3 30. Qxe3 Qe6 (30... Be6 {with more complications.} 31. Bb1 Kf8 32. Qd3 Bh3 33. f3 Qe7) 31. Qxe6 Bxe6 $11 {[%mdl 4096] Endgame KB-KB} 32. f3 Kf7 33. Kf2 Ke7 34. b4 f5 35. h3 Kf6 {The position is equal.} 36. g4 f4 37. Ke2 b5 38. a3 Bf7 39. Kd2 Bg6 40. Bxg6 Kxg6 {Accuracy: White = 71%, Black = 75%.} 1/2-1/2

[Event "72nd RUS-ch Higher League 2019"]
[Site "Yaroslavl"]
[Date "2019.06.27"]
[Round "1.18"]
[White "Esipenko, Andrey"]
[Black "Vlasenko, Miroslav"]
[Result "1-0"]
[WhiteElo "2611"]
[BlackElo "2417"]
[Annotator "TA"]
[PlyCount "83"]
[EventDate "2019.06.27"]
[EventType "swiss"]
[EventCountry "RUS"]
[SourceTitle "playchess.com"]
[Source "ChessBase"]
[SourceQuality "1"]

{[%evp 12,83,21,8,12,0,18,14,20,27,36,37,59,59,60,37,37,40,49,27,42,45,47,50,52,43,43,45,44,49,46,32,31,31,31,30,45,45,43,41,72,55,99,88,141,126,139,91,91,94,188,188,187,185,188,176,176,172,156,158,168,21,28,28,28,28,30,28,754,754,754,747,747,747]} 1. e4 c6 2. d4 d5 3. exd5 cxd5 4. Bd3 Nc6 5. c3 Nf6 6. h3 g6 7. Bf4 Bf5 {B13: Caro-Kann: Exchange Variation and Panov-Botvinnik Attack} 8. Be2 Bg7 9. Nf3 O-O {The position is equal.} 10. O-O Qb6 (10... Ne4 11. Nbd2 Re8 12. Re1 h6 13. Bf1 g5 14. Bh2 Qd7 15. Nxe4 Bxe4 {1-0 (35) Caruana,F (2828)-Shankland,S (2725) chess.com INT 2019}) 11. Qb3 Na5 $146 ({Predecessor:} 11... Qxb3 12. axb3 Nh5 13. Bh2 Bc2 14. b4 Bh6 15. b5 Nb8 16. Ne5 f6 17. Ng4 Bf4 {½-½ (60) Jaenig,R (2097)-Bintakies,M (2198) Bad Woerishofen 2000}) 12. Qxb6 axb6 13. Nbd2 Rfc8 14. Rfe1 Bd7 15. Bd3 e6 16. Ne5 Be8 17. a3 b5 18. g4 Nc4 19. Rab1 $1 Nd7 20. Nxd7 Bxd7 21. Nf3 f6 22. Re2 g5 23. Bg3 Bf8 24. Kg2 h6 25. Nh2 Kf7 26. f4 Nd6 27. Nf3 Re8 (27... Ne4 $142) 28. Rf1 {[#] And now fxg5 would win.} Kg7 29. h4 gxh4 30. Bxh4 Bc6 {[#]} (30... Ne4 $16) 31. g5 $1 $18 {[%cal Rg5f6]} hxg5 32. fxg5 f5 33. Bg3 Ne4 34. Be5+ Kf7 35. Rh1 Bg7 36. g6+ (36. Kg1 $18) 36... Kxg6 $11 37. Kf1 {Rg2+ would kill now.} Bxe5 $1 38. Nxe5+ Kf6 {Hoping for ...Ng3+.} 39. Rg2 $36 {[%mdl 2048] White is more active.} Rh8 $2 {[%mdl 8192]} (39... Ke7 $11) 40. Rg6+ $18 {White is clearly winning.} Ke7 41. Rg7+ Kf6 42. Rhg1 {Accuracy: White = 73%, Black = 51%.} 1-0

[Event "72nd RUS-ch Higher League 2019"]
[Site "Yaroslavl"]
[Date "2019.06.27"]
[Round "1.19"]
[White "Sadovsky, Artem"]
[Black "Petrov, Nikita"]
[Result "0-1"]
[WhiteElo "2416"]
[BlackElo "2610"]
[Annotator "TA"]
[PlyCount "34"]
[EventDate "2019.06.27"]
[EventType "swiss"]
[EventCountry "RUS"]
[SourceTitle "playchess.com"]
[Source "ChessBase"]
[SourceQuality "1"]

{[%evp 9,34,18,7,-3,13,-4,-4,-27,-25,-25,0,-39,-35,-180,-179,-202,-196,-422,-437,-463,-438,-862,-758,-2263,-2179,-1788,-1731]} 1. c4 e5 2. g3 c6 3. d4 e4 4. d5 Bb4+ 5. Bd2 Qe7 6. Bxb4 $146 {A20: English Opening: 1...e5} ({Predecessor:} 6. Nc3 Nf6 7. Bg2 O-O 8. Nh3 cxd5 9. cxd5 d6 10. O-O Bf5 11. f3 {0-1 (34) Vallejo Pons,F (2707)-Ni,H (2670) China 2018}) 6... Qxb4+ {[%mdl 64] Double Attack} 7. Nc3 Nf6 8. Qd4 {The position is equal.} O-O 9. O-O-O d6 10. h3 Nbd7 11. dxc6 (11. e3 $15) 11... bxc6 $19 12. Qxd6 {[#]} Nc5 $1 ({And not} 12... Qxc4 13. e3 $11) 13. a3 $2 (13. Qd2) 13... Qa5 {Black is clearly winning.} 14. Kc2 {[#]} e3 $1 {[%mdl 512]} 15. b4 (15. g4 $142 Nfe4 16. Qd4 Nxf2 17. Nf3 Nxd1 18. Qxd1) (15. fxe3 Bf5+) 15... Bf5+ 16. Kb2 Rab8 17. Nb5 Qa4 0-1